| 000 | 00465nam a2200169Ia 4500 | ||
|---|---|---|---|
| 008 | 230711s9999||||xx |||||||||||||| ||und|| | ||
| 020 | _a978-93-32901-49-0 | ||
| 041 | _aENG | ||
| 082 |
_a6.22 _bKA-E |
||
| 100 | _aKamal Raj | ||
| 245 | 0 | _aEmbedded systems : Architecture, Programming and design | |
| 250 | _a3rd Ed. | ||
| 260 |
_c2015 _aNew Delhi _bMcGraw Hill Education(India) Private Limited |
||
| 300 | _a591p. | ||
| 650 | _aComputer Engineering | ||
| 942 | _cBK | ||
| 999 |
_c6397 _d6397 |
||